| 000 | 00436nam a22001451a 4500 | ||
|---|---|---|---|
| 082 |
_aM8 _bHUD/S |
||
| 100 |
_a William Henry Hudson _9106737 |
||
| 245 |
_aSahityapadhanathinu oru amugham/ _cby William Henry Hudson |
||
| 260 |
_aThiruvananthapuram: _bKerala Bhasha Institute, _c1993. |
||
| 300 | _a281p. | ||
| 650 |
_aLiterature Malayalam _9106738 |
||
| 650 |
_aLiterature _9106739 |
||
| 700 |
_aVasanthan S K (tr.) _9106740 |
||
| 942 | _cBK | ||
| 999 |
_c39304 _d39304 |
||